<?xml version="1.0" encoding="UTF-8"?>
<record
    xmlns:xsi="http://www.w3.org/2001/XMLSchema-instance"
    xsi:schemaLocation="http://www.loc.gov/MARC21/slim http://www.loc.gov/standards/marcxml/schema/MARC21slim.xsd"
    xmlns="http://www.loc.gov/MARC21/slim">

  <leader>02033nam a2200277   4500</leader>
  <controlfield tag="001">63</controlfield>
  <controlfield tag="003">OSt</controlfield>
  <controlfield tag="005">20250207100758.0</controlfield>
  <controlfield tag="008">250123b        |||||||e |||| 00| 0 eng d</controlfield>
  <datafield tag="040" ind1=" " ind2=" ">
    <subfield code="b">por</subfield>
  </datafield>
  <datafield tag="041" ind1=" " ind2=" ">
    <subfield code="h">ita</subfield>
    <subfield code="a">por</subfield>
  </datafield>
  <datafield tag="082" ind1=" " ind2=" ">
    <subfield code="a">133.9</subfield>
    <subfield code="b">B793f</subfield>
  </datafield>
  <datafield tag="100" ind1="1" ind2=" ">
    <subfield code="a">Bozzano, Ernesto,</subfield>
    <subfield code="d">1862-1943</subfield>
    <subfield code="9">163</subfield>
  </datafield>
  <datafield tag="240" ind1=" " ind2=" ">
    <subfield code="a">Consid&#xE9;rations et hypoth&#xE9;ses sur les ph&#xE9;nom&#xE8;nes de bilocation</subfield>
  </datafield>
  <datafield tag="245" ind1=" " ind2=" ">
    <subfield code="a">Fenomenos de biloca&#xE7;&#xE3;o </subfield>
    <subfield code="b">(desdobramento) /</subfield>
    <subfield code="c">Bozzano, Ernesto ; Tradu&#xE7;&#xE3;o de Dr. Francisco Klors Werneck e Pref&#xE1;cio de Dr. Carlos Imbassahy</subfield>
  </datafield>
  <datafield tag="260" ind1=" " ind2=" ">
    <subfield code="a">S&#xE3;o Paulo</subfield>
    <subfield code="b">Correio Fraterno</subfield>
    <subfield code="c">1983</subfield>
  </datafield>
  <datafield tag="300" ind1=" " ind2=" ">
    <subfield code="a">151 p.</subfield>
  </datafield>
  <datafield tag="520" ind1=" " ind2=" ">
    <subfield code="a">O termo &#x201C;biloca&#xE7;&#xE3;o&#x201D; &#xE9; utilizado para denominar o fen&#xF4;meno
supranormal em que um mesmo indiv&#xED;duo aparece simultaneamente em dois lugares distintos. Na realidade, o que ocorre nesse
fen&#xF4;meno &#xE9; a separa&#xE7;&#xE3;o tempor&#xE1;ria, nos seres encarnados, entre
o esp&#xED;rito e o seu corpo f&#xED;sico.
Nesta obra Ernesto Bozzano exp&#xF5;e, classifica e comenta os
v&#xE1;rios tipos de fen&#xF4;menos de biloca&#xE7;&#xE3;o. O autor demonstra que o
ser humano possui um corpo et&#xE9;reo que pode, em certas circunst&#xE2;ncias, afastar-se do corpo f&#xED;sico e retornar ap&#xF3;s realizar alguma
tarefa ou apenas ter feito um pequeno passeio.
O autor procura demonstrar que o fen&#xF4;meno de biloca&#xE7;&#xE3;o &#xE9;
um dos mais prop&#xED;cios a evidenciar a independ&#xEA;ncia da alma em
rela&#xE7;&#xE3;o ao corpo f&#xED;sico. Provado que o Esp&#xED;rito n&#xE3;o est&#xE1; definitivamente preso ao organismo, f&#xE1;cil &#xE9; compreender que esse
esp&#xED;rito possa, no final da vida, desligar-se para sempre do seu
envolt&#xF3;rio carnal, para continuar a viver fora dele, nessa fase
int&#xE9;rmina da exist&#xEA;ncia, a que chamamos morte, mas que, na
verdade, &#xE9; simplesmente a continua&#xE7;&#xE3;o da vida e da evolu&#xE7;&#xE3;o
infinitas</subfield>
  </datafield>
  <datafield tag="650" ind1=" " ind2="0">
    <subfield code="a">Literatura italiana</subfield>
    <subfield code="9">164</subfield>
  </datafield>
  <datafield tag="650" ind1=" " ind2="0">
    <subfield code="a">Estudos Esp&#xED;ritas </subfield>
    <subfield code="9">165</subfield>
  </datafield>
  <datafield tag="650" ind1=" " ind2="0">
    <subfield code="a">Mediunidade</subfield>
    <subfield code="9">166</subfield>
  </datafield>
  <datafield tag="650" ind1=" " ind2="0">
    <subfield code="a">Teoria</subfield>
    <subfield code="9">6</subfield>
  </datafield>
  <datafield tag="700" ind1=" " ind2=" ">
    <subfield code="a">Dr. Francisco Klors Werneck</subfield>
    <subfield code="e">Tradutor</subfield>
    <subfield code="9">167</subfield>
  </datafield>
  <datafield tag="700" ind1=" " ind2=" ">
    <subfield code="a">Dr. Carlos Imbassahy</subfield>
    <subfield code="e">Pref&#xE1;cio</subfield>
    <subfield code="9">168</subfield>
  </datafield>
  <datafield tag="942" ind1=" " ind2=" ">
    <subfield code="2">ddc</subfield>
    <subfield code="n">0</subfield>
    <subfield code="c">BK</subfield>
  </datafield>
  <datafield tag="952" ind1=" " ind2=" ">
    <subfield code="0">0</subfield>
    <subfield code="1">0</subfield>
    <subfield code="2">ddc</subfield>
    <subfield code="4">0</subfield>
    <subfield code="7">0</subfield>
    <subfield code="8">NFIC</subfield>
    <subfield code="a">BIBIB</subfield>
    <subfield code="b">BIBIB</subfield>
    <subfield code="c">ESP</subfield>
    <subfield code="d">1992-10-14</subfield>
    <subfield code="e">doa&#xE7;&#xE3;o</subfield>
    <subfield code="l">0</subfield>
    <subfield code="o">133.9 / B793f</subfield>
    <subfield code="p">2025-9574</subfield>
    <subfield code="r">2025-01-23 08:06:13</subfield>
    <subfield code="w">2025-01-23</subfield>
    <subfield code="y">BK</subfield>
  </datafield>
  <datafield tag="999" ind1=" " ind2=" ">
    <subfield code="c">63</subfield>
    <subfield code="d">63</subfield>
  </datafield>
</record>
